000 00448nam a2200181Ia 4500
001 17713
005 20260306171537.0
008 260306s9999||||xx |||||||||||||| ||und||
041 _aESP
082 _a658.15
_bN25
100 _aNarváez Liceras, Alejandro
_eAUT
245 0 _aFinanzas corporativas:
_by estudio de casos
260 _c2017
300 _a718 páginas :
_c25 cm.
650 _aGEN
654 _aCAN
942 _cLIB
_dJUS
_fJUS
_2ddc
_n
999 _c17713
_d17713